Histoire du drapeau du Togo - Statistiques

Statistiques générales
  • Ce quiz a été pris 92 fois
  • Le résultat moyen est 3 sur 5
Statistiques - réponses
Hint Réponse % Correct
Togo (drapeau actuel depuis 1960)
89%
Deuxième drapeau du Togo français (1957-1958)
81%
Togoland allemand (1884-1914)
63%
Troisième drapeau du Togo français (1958-1960)
52%
Premier drapeau du Togo français (1914-1957)
31%
Aucun quiz correspondant
Distribution des résultats
% des personnes avec chaque résultat
Percentile par nombre de réponses
Votre historique - résultats
Vous n’avez pas pris ce quiz